000 01013nam a2200205Ia 4500
003 Ost
005 20260507075640.0
008 260507s9999||||xx |||||||||||||| ||und||
040 _cfsecg
041 _aara
082 _a657.95
100 _aالصحن، عبدالفتاح محمد
_eمؤلف
245 0 _aالمحاسبة في شركات الأشخاص /
_c عبدالفتاح محمد الصحن
260 _aالإسكندرية:
_bقسم المحاسبة والمراجعة,
_c2000
300 _a400 صفحة؛
_bإيضاحات ؛
_c24 سم
520 _aتكوين الشركة ومعالجة المحاسبة لحصص رأس المال ،توزيع الأرباح والحسابات الختامية في شركات الأشخاص ،تعديل عقد الشركة ،تصفية شركات الأشخاص ،التصفية التدريجية الإندماج في شركات الأشخاص والخاصة
653 _aالمحاسبة
653 _aالمحاسبة - شركات
942 _cكتاب
999 _c45392
_d45392